Christmas gift suggestions. (Record no. 91337)

MARC details
000 -LEADER
fixed length control field 00457cam a2200169u 4500
001 - CONTROL NUMBER
control field unk81040576
003 - CONTROL NUMBER IDENTIFIER
control field DLC
005 - DATE AND TIME OF LATEST TRANSACTION
control field 20260227112758.0
008 - FIXED-LENGTH DATA ELEMENTS--GENERAL INFORMATION
fixed length control field 811123q19001981mnua 000 0 eng
010 ## - LIBRARY OF CONGRESS CONTROL NUMBER
LC control number unk81040576
040 ## - CATALOGING SOURCE
Original cataloging agency DLC
Transcribing agency CarP
Modifying agency DLC
050 00 - LIBRARY OF CONGRESS CALL NUMBER
Classification number Z7735.Z9
Item number A8
110 2# - MAIN ENTRY--CORPORATE NAME
Corporate name or jurisdiction name as entry element Augsburg Publishing House.
245 10 - TITLE STATEMENT
Title Christmas gift suggestions.
260 ## - PUBLICATION, DISTRIBUTION, ETC.
Place of publication, distribution, etc. Minneapolis, Minn.,
Name of publisher, distributor, etc. Augsburg publishing house
Date of publication, distribution, etc. [19
300 ## - PHYSICAL DESCRIPTION
Extent v.
Other physical details illus.
Dimensions 20 cm.

No items available.

Powered by Koha